La evaluación y la participación en una experiencia de educación a distancia: el caso de SICAPER, Panamá /

Αποθηκεύτηκε σε:
Λεπτομέρειες βιβλιογραφικής εγγραφής
Κύριος συγγραφέας: Castillero, Antonio
Άλλοι συγγραφείς: Díaz, Jorge
Μορφή: Κείμενο
Έκδοση: Panamá: Universidad de Panamá
Ετικέτες: Προσθήκη ετικέτας
Δεν υπάρχουν, Καταχωρήστε ετικέτα πρώτοι!

MARC

LEADER 00000 a a2200000 04500
001 21531
003
040
090 |a 095200  
100 |a Castillero, Antonio  
245 |a La evaluación y la participación en una experiencia de educación a distancia: el caso de SICAPER, Panamá /  |c Antonio Castillero 
260 |a Panamá:   |b Universidad de Panamá  
300 |a 38 p.  
700 |a Díaz, Jorge  
999 |c 16989  |d 16989